000
00259nam a2200109Ia 4500
005
20251222175819.0
008
251222s9999||||xx |||||||||||||| ||spa||
082
_a
DVD0070/J66L/1984
245
0
_a
Los gritos del silencio
264
_b
Warner Bros
942
_c
DVD
999
_c
40439
_d
40439